Доклад Бурят-Монгольской АССР

Доступно только в Электронных читальных залах Найти на картеНа карте
RUSMARC
00004498nmc2a22003253x 450
001d2021c75-c4d0-4db4-83f7-4b17bf7d94f1
00520241218224526.0
100##$a20241113l19301932k y0rusy50 ca
1010#$arus
$amul
102##$aRU
105##$aa z |||||
1222#$ad19301225
$ad19321031
2001#$aДоклад Бурят-Монгольской АССР
$j25 декабря 1930 - октябрь 1932
215##$a57 листов
$cтабл.
$d38,4 х 25,5
251##$cДело
300##$aЧасть текста на языках народов СССР
300##$aНумерация начинается с конца дела
300##$aЛисты: 57 листов, в том числе: литерные номера листов 1б,1а, пропущенные номера листов 1
300##$aЧасть текста машинописная и рукописная, часть - напечатана типографским способом
324##$aВ деле имеются копии отдельных документов
461#0$1001RuPRLIB520124725
$12001
$aЦЕНТРАЛЬНЫЙ ИСПОЛНИТЕЛЬНЫЙ КОМИТЕТ СССР (ЦИК СССР).
$1251
$cФонд
$1852
$gР
$j3316
462#0$1001RuPRLIB520125289
$12001
$aДела Секретариата Президиума ЦИК Союза ССР. 1930 г.
$vД. 1252
$1251
$cОпись
$1852
$j23
605##$3DITM\AF\0000002775
$aВласть
$lколлекция
$2acquisition_prlib
607##$aБурят-Монгольская АССР
6101#$aДоклад
686##$a63.3(2)61-332ю1
$cИстория
$2rubbk
686##$a67.400.6ю1
$cПраво
$2rubbk
801#0$aRU
$bGA_RF
801#1$aRU
$bГлавНИВЦ
$c20241113
$2rusmarc
801#2$aRU
$bПБ им. Б.Н. Ельцина
$c20241218
$gRCR
$2rusmarc
852##$aГА РФ
$j1252
937##$d195506011
$hГАРФ
035##$aRuPRLIB51078316
856##$uhttp://readingroom.main.prlib.ru/item.aspx?id_node=n195506011&mode=full
Формат отображения